Tin học ứng dụng trong hóa học

Guardat en:
Dades bibliogràfiques
Autor principal: Đặng, Ứng Vận
Format: Llibre
Idioma:Undetermined
Publicat: Hà Nội Giáo Dục 1998
Matèries:
Etiquetes: Afegir etiqueta
Sense etiquetes, Sigues el primer a etiquetar aquest registre!
Thư viện lưu trữ: Trung tâm Học liệu Trường Đại học Cần Thơ
LEADER 00617nam a2200217Ia 4500
001 CTU_28671
008 210402s9999 xx 000 0 und d
020 |b 15.500đ 
020 |c 15500 
082 |a 540.0285 
082 |b V121 
100 |a Đặng, Ứng Vận 
245 0 |a Tin học ứng dụng trong hóa học 
245 0 |c Đặng Ứng Vận 
260 |a Hà Nội 
260 |b Giáo Dục 
260 |c 1998 
650 |a Chemistry,Chemistry 
650 |x Data processing,Mathematical models 
904 |i Minh, 990225 
980 |a Trung tâm Học liệu Trường Đại học Cần Thơ